अमीर खुसरो का हिन्दवी काव्य : (Record no. 113314)
[ view plain ]
| 000 -LEADER | |
|---|---|
| fixed length control field | 01349nam a22002537a 4500 |
| 005 - DATE AND TIME OF LATEST TRANSACTION | |
| control field | 20170124102951.0 |
| 010 ## - LIBRARY OF CONGRESS CONTROL NUMBER | |
| LC control number | A-423877 |
| 020 ## - INTERNATIONAL STANDARD BOOK NUMBER | |
| Terms of availability | 100.00 |
| 035 ## - SYSTEM CONTROL NUMBER | |
| System control number | A-423877 |
| 037 ## - SOURCE OF ACQUISITION | |
| Source of stock number/acquisition | Cen Lib/Ret |
| 040 ## - CATALOGING SOURCE | |
| Original cataloging agency | DPL |
| Language of cataloging | HN |
| 082 ## - DEWEY DECIMAL CLASSIFICATION NUMBER | |
| Classification number | 821.08 |
| Item number | नारंग |
| 100 ## - MAIN ENTRY--PERSONAL NAME | |
| Personal name | नारंग, गोपी चाँद |
| 9 (RLIN) | 51661 |
| 245 ## - TITLE STATEMENT | |
| Title | अमीर खुसरो का हिन्दवी काव्य : |
| Statement of responsibility, etc | गोपी चाँद नारंग |
| Remainder of title | शिप्रंगर संग्रह की बर्लिन प्रति सहित / |
| 246 ## - VARYING FORM OF TITLE | |
| Title proper/short title | Ameer Khusro ka Hindvi kavya : shiprangar sangreh ki barlin prati sahit / |
| Remainder of title | by Gopi Chand Narang |
| 260 ## - PUBLICATION, DISTRIBUTION, ETC. (IMPRINT) | |
| Place of publication, distribution, etc | शिकागो |
| Name of publisher, distributor, etc | अमीर खुसर सोसिर्टी ऑफ़ अमेरिका |
| Date of publication, distribution, etc | 1990 |
| 270 ## - ADDRESS | |
| Address | फिने आर्ट्स भिल्डिंग, 410 एस. मिशिगन एव, सुईठे 739 |
| City | शिकागो |
| Postal code | 60605-1401 |
| 300 ## - PHYSICAL DESCRIPTION | |
| Extent | 148पृ. |
| Dimensions | 21सेमी(सजिल्द) |
| 650 ## - SUBJECT ADDED ENTRY--TOPICAL TERM | |
| Topical term or geographic name as entry element | हिंदी साहित्य |
| 9 (RLIN) | 51662 |
| 650 ## - SUBJECT ADDED ENTRY--TOPICAL TERM | |
| Topical term or geographic name as entry element | हिंदी साहित्य -- हिंदी कविता |
| 9 (RLIN) | 51663 |
| 650 ## - SUBJECT ADDED ENTRY--TOPICAL TERM | |
| Topical term or geographic name as entry element | Hindi literature |
| 9 (RLIN) | 51664 |
| 650 ## - SUBJECT ADDED ENTRY--TOPICAL TERM | |
| Topical term or geographic name as entry element | Hindi literature -- Hindi poetry |
| 9 (RLIN) | 51665 |
| 942 ## - ADDED ENTRY ELEMENTS (KOHA) | |
| Source of classification or shelving scheme | Dewey Decimal Classification |
| Koha item type | Hindi Books |
| Classification part | 821.08 |
| Call number suffix | नारंग |
| Withdrawn status | Lost status | Damaged status | Not for loan | Home library | Current library | Date acquired | Source of acquisition | Cost, normal purchase price | Total Checkouts | Full call number | Barcode | Date last seen | Date checked out | Copy number | Cost, replacement price | Price effective from | Koha item type |
|---|---|---|---|---|---|---|---|---|---|---|---|---|---|---|---|---|---|
| Central Library | Central Library | 12/08/2015 | Cen Lib/Ret | 100.00 | 3 | 821.08 नारंग | A-423877 | 17/12/2018 | 04/12/2018 | 1 | 100.00 | 12/08/2015 | Hindi Books |
